000 01138nam a22003257i 4500
003 EG-ScBUE
005 20220727112639.0
008 200219s2021 ua f 000 0 eng d
020 _a9789779134550
040 _aEG-ScBUE
_beng
_erda
_cEG-ScBUE
_dEG-ScBUE
041 1 _aeng
_hara
043 _af-ua---
082 0 4 _222
_a320.557092
_bJUM
100 1 _aJumʻah, Muḥammad Mukhtār,
_eauthor.
240 1 0 _aجاهلية والصحوة.
_lEnglish
245 1 0 _aJahiliyyah (Ignorance) and awakening /
_cprepared by prof. Dr. Muhammad Mukhtar Jum'ah ; translated by prof. Dr. Ali Ali Shaban, Al-Azhar University.
250 _aFirst edition.
264 1 _aCairo :
_bEgyptian General Book,
_c2021.
300 _a141 pages ;
_c18 cm
336 _2rdacontent
_atext
_btxt
337 _2rdamedia
_aunmediated
_bn
338 _2rdacarrier
_avolume
_bnc
546 _aText in English ; translated from the original Arabic.
650 7 _aIslam and state.
_2BUEsh
653 _bGGEN
_cJuly2022
655 _vReading book
_934232
700 1 _aShaban, Ali Ali,
_etranslator.
942 _2ddc
_cBB
999 _c29907
_d29878